Suomen pitäjät kartalla vuonna 1635 - Statistics

Yleistilastot
  • Tätä visaa on pelattu 80 kertaa
  • Keskiarvotulos 67 / 163
Vastaukset kartalla
Vastauksille on annettu kartalla punavihreä väri sen mukaan, kuinka moni on saanut sen oikein.
 
Vastaustilastot
Vastaus % Oikein
Oulu
87%
Ii
84%
Helsinki
82%
Kemi
82%
Porvoo
80%
Kuopio
71%
Viipuri
71%
Kokkola
69%
Espoo
60%
Hailuoto
60%
Inarin lappala
60%
Lappee
60%
Pyhtää
60%
Ulvila
60%
Eura
58%
Iisalmi
58%
Kaarina
58%
Kalajoki
58%
Kemiö
58%
Lohja
58%
Loimaa
58%
Maaria
58%
Mustasaari
58%
Sodankylän lappala
58%
Eurajoki
56%
Ilomantsi
56%
Pietarsaari
56%
Pyhäjoki
56%
Sipoo
56%
Sortavala
56%
Inkoo
53%
Jämsä
53%
Kemijärven lappala
53%
Lappi
53%
Närpiö
53%
Paimio
53%
Sysmä
53%
Vöyri
53%
Hattula
51%
Hollola
51%
Isokyrö
51%
Juva
51%
Kirkkonummi
51%
Kittilän lappala
51%
Kokemäki
51%
Laihia
51%
Lapua
51%
Masku
51%
Porras
51%
Taivassalo
51%
Uusikaarlepyy
51%
Virolahti
51%
Asikkala
49%
Eckerö
49%
Jomala
49%
Lemland
49%
Marttila
49%
Mynämäki
49%
Nousiainen
49%
Parainen
49%
Sauvo
49%
Sund
49%
Vehmaa
49%
Hammarland
47%
Janakkala
47%
Koivisto
47%
Laitila
47%
Orivesi
47%
Raisio
47%
Siuntio
47%
Uusikirkko (Kalanti)
47%
Ilmajoki
44%
Kangasala
44%
Karjaa
44%
Korppoo
44%
Kruununkylä
44%
Lieto
44%
Liminka
44%
Piikkiö
44%
Pöytyä
44%
Saltvik
44%
Vihti
44%
Finström
42%
Halikko
42%
Huittinen
42%
Nauvo
42%
Pohja
42%
Salmi
42%
Sulkava
42%
Taipalsaari
42%
Hämeenkyrö
40%
Kitee
40%
Kökar
40%
Paltamo
40%
Pieksämäki
40%
Puumala
40%
Föglö
38%
Hauho
38%
Kumlinge
38%
Kuolajärven lappala
38%
Lemu
38%
Liperi
38%
Maalahti
38%
Padasjoki
38%
Pielisjärvi
38%
Pirkkala
38%
Pyhäjärvi
38%
Renko
38%
Suojärvi
38%
Joukio
36%
Mäskälä
36%
Pälkäne
36%
Rantasalmi
36%
Ruokolahti
36%
Rymättylä
36%
Säkkijärvi
36%
Uusikirkko
36%
Lammi
33%
Lempäälä
33%
Loppi
33%
Perniö
33%
Tenhola
33%
Vesilahti
33%
Pernaja
31%
Ruovesi
31%
Sääminki
31%
Vähäkyrö
31%
Muolaa
29%
Saloinen
29%
Joroinen
27%
Lapväärti
27%
Leppävirta
27%
Pälkjärvi
27%
Tuulos
27%
Tyrvää
27%
Vehkalahti
27%
Lohtaja
24%
Rautu
24%
Sakkola
24%
Suistamo
24%
Tohmajärvi
24%
Kalvola
22%
Kivennapa
22%
Kurkijoki
22%
Muurla
22%
Rautalampi
22%
Sääksmäki
22%
Jääski
20%
Tyrväntö
20%
Karkku
18%
Räisälä
18%
Uukuniemi
13%
Kitkan lappala
7%
Maanselän lappala
7%
Sompion lappala
7%
Kemikylän lappala
4%
Saarioinen
4%
Lehijärvi
2%
Pellosniemi
2%
Tennilä
2%
Tiurula
2%
Uusikylä
2%
Visulahti
2%
Ehtoja vastaavia visoja ei löytynyt
Tulosjakauma
Jokaisen tuloksen saaneiden osuus
Persentiili vastausten määrän mukaan
Tuloshistoriasi
Et ole pelannut tätä visaa